[Event "PRO League Group Stage"]
[Site "chess.com INT"]
[Date "2019.01.10"]
[Round "1"]
[White "Herrera Reyes, Jose Antonio"]
[Black "Markoja, Boris"]
[Result "0-1"]
[WhiteTitle "FM"]
[BlackTitle "IM"]
[WhiteElo "2324"]
[BlackElo "2442"]
[WhiteTeam "Barcelona Raptors"]
[BlackTeam "Ljubljana Turtles"]
[WhiteFideId "2274914"]
[BlackFideId "14608502"]
[EventDate "2019.01.08"]

1. Nf3 c5 2. g3 g6 3. Bg2 Bg7 4. d3 Nc6 5. c3 e5 6. a3 Nge7 7. b4 d6 8. Nbd2 O-O
9. Bb2 h6 10. O-O Be6 11. Re1 Qd7 12. e4 b6 13. Nf1 Rac8 14. Ne3 f5 15. exf5
gxf5 16. d4 cxd4 17. cxd4 e4 18. Nd2 d5 19. Nb3 f4 20. Nf1 f3 21. Bh1 Nf5 22. b5
Nce7 23. a4 Nd6 24. Ba3 Rc3 25. Bb4 Rd3 26. Qb1 Nef5 27. Rd1 Rxb3 28. Qxb3 Nxd4
29. Rxd4 Bxd4 30. Rd1 Bc5 31. Bxc5 bxc5 32. Qe3 d4 33. Qxh6 Bf5 34. h4 Nc4 35.
Qg5+ Qg7 36. Qf4 Bh7 37. Qc1 Qf7 38. a5 Qd5 39. a6 Kh8 40. h5 e3 41. Nxe3 Nxe3
42. Qxe3 dxe3 43. Rxd5 e2 44. Re5 c4 45. b6 c3 46. Bxf3 c2 47. Rxe2 c1=Q+ 48.
Kg2 Qa3 0-1

[Event "PRO League Group Stage"]
[Site "chess.com INT"]
[Date "2019.01.10"]
[Round "1"]
[White "Cornette, Matthieu"]
[Black "Tari, Aryan"]
[Result "0-1"]
[WhiteTitle "GM"]
[BlackTitle "GM"]
[WhiteElo "2587"]
[BlackElo "2625"]
[WhiteTeam "Cannes Blitzstreams"]
[BlackTeam "Norway Gnomes"]
[WhiteFideId "620084"]
[BlackFideId "1510045"]
[EventDate "2019.01.08"]

1. e4 e5 2. Nf3 Nc6 3. Bc4 Nf6 4. d3 Bc5 5. O-O a6 6. a4 Ba7 7. c3 d6 8. Nbd2
O-O 9. h3 Ne7 10. Re1 b5 11. Bb3 Ng6 12. Nf1 h6 13. axb5 axb5 14. Be3 c5 15. Ng3
Bd7 16. Qd2 Kh7 17. Bc2 Bb6 18. d4 Qc7 19. d5 c4 20. Nf1 Ra7 21. Rxa7 Qxa7 22.
Bxb6 Qxb6 23. Ra1 Rb8 24. Qe3 Qd8 25. Qa7 Ne8 26. Ra3 Nc7 27. Ne3 Qc8 28. Kh2
Rb7 29. Qa5 Qb8 30. Qb4 Rb6 31. Ra5 Na6 32. Qa3 Nc5 33. Ra8 Qc7 34. Ra7 Rb7 35.
Rxb7 Qxb7 36. g3 f6 37. Nd2 Ne7 38. b4 cxb3 39. Nxb3 Qb6 40. Qa5 Qxa5 41. Nxa5
Nc8 42. Nc6 Nb6 43. Kg2 Kg8 44. Nf5 Nc8 45. Kf3 Kf7 46. h4 Bxf5 47. exf5 Nb6 48.
Na7 Nxd5 49. Nxb5 Ke7 50. Be4 Nb6 51. Bc6 d5 52. h5 Ne4 53. Ke3 Nd6 54. Nxd6
Kxd6 55. Bb5 Kc5 56. Bd3 Na4 57. Kd2 Nb2 58. Ba6 Nc4+ 59. Kd3 Nd6 60. g4 Kb6 61.
c4 Kxa6 62. cxd5 Kb5 0-1

[Event "PRO League Group Stage"]
[Site "chess.com INT"]
[Date "2019.01.10"]
[Round "1"]
[White "Lagarde, Maxime"]
[Black "Salomon, Johan"]
[Result "0-1"]
[WhiteTitle "GM"]
[BlackTitle "GM"]
[WhiteElo "2604"]
[BlackElo "2494"]
[WhiteTeam "Cannes Blitzstreams"]
[BlackTeam "Norway Gnomes"]
[WhiteFideId "662399"]
[BlackFideId "1509500"]
[EventDate "2019.01.08"]

1. Na3 e5 2. c4 Nf6 3. e3 d5 4. cxd5 Nxd5 5. Nf3 Nc6 6. Bb5 Bxa3 7. bxa3 O-O 8.
O-O e4 9. Ne1 Nc3 10. Qb3 Nxb5 11. Qxb5 Re8 12. f3 a6 13. Qc5 Qf6 14. Rb1 Qg6
15. f4 b6 16. Qc3 Qd6 17. Bb2 f6 18. Rc1 Bd7 19. Rf2 Rac8 20. g4 Ne7 21. Rg2 Nd5
22. Qc4 a5 23. g5 f5 24. a4 c5 25. a3 Be6 26. Be5 Qd7 27. Qc2 Bf7 28. g6 hxg6
29. Qb2 Rxe5 30. Qxe5 Qxa4 31. Qb2 c4 32. Nc2 c3 33. dxc3 Rxc3 34. Nd4 Qxa3 35.
Qxa3 Rxa3 36. Rc8+ Kh7 37. Rf8 Bg8 38. Nc2 Rc3 39. Rg3 Nf6 40. Rh3+ Nh5 41. Nd4
a4 42. Nxf5 Be6 43. Rxh5+ gxh5 44. Nd4 Bc4 45. Ra8 a3 46. Ra7 a2 47. Nf5 Rc1+
48. Kf2 a1=Q 0-1

[Event "PRO League Group Stage"]
[Site "chess.com INT"]
[Date "2019.01.10"]
[Round "1"]
[White "Holm, Kristian Stuvik"]
[Black "Joie, Sebastien"]
[Result "1/2-1/2"]
[WhiteTitle "IM"]
[BlackTitle "IM"]
[WhiteElo "2468"]
[BlackElo "2439"]
[WhiteTeam "Norway Gnomes"]
[BlackTeam "Cannes Blitzstreams"]
[WhiteFideId "1508083"]
[BlackFideId "650420"]
[EventDate "2019.01.08"]

1. d4 d5 2. c4 dxc4 3. e3 e5 4. Bxc4 Nc6 5. Nf3 e4 6. Nfd2 Qg5 7. g3 f5 8. Nc3
Nf6 9. a3 Bd6 10. b4 Ng4 11. Nd5 Qh6 12. h4 Be6 13. Qb3 Nd8 14. b5 c6 15. bxc6
bxc6 16. Nf4 Bxf4 17. gxf4 Bxc4 18. Nxc4 Qe6 19. Rb1 O-O 20. Ne5 Nxe5 21. fxe5
Qxb3 22. Rxb3 Ne6 23. Kd1 Rfd8 24. Kc2 c5 25. d5 Rxd5 26. Rb7 c4 27. Bb2 c3 28.
Bxc3 Rc8 29. Rhb1 Rd3 30. R1b3 a5 31. a4 f4 32. Kb2 fxe3 33. fxe3 Nc5 34. Rb8
Nxa4+ 35. Ka3 Rxb8 36. Rxb8+ Kf7 37. Kxa4 Rxc3 38. Rb7+ Kg6 39. h5+ Kxh5 40.
Rxg7 Kh6 41. Rg4 Rc6 42. Kxa5 Re6 43. Rxe4 Kg5 44. Kb4 Kf5 45. Rh4 Rxe5 46. Rxh7
Rxe3 1/2-1/2

[Event "PRO League Group Stage"]
[Site "chess.com INT"]
[Date "2019.01.10"]
[Round "1"]
[White "Hansen, Torbjorn Ringdal"]
[Black "Cornette, Deimante"]
[Result "1/2-1/2"]
[WhiteTitle "GM"]
[BlackTitle "IM"]
[WhiteElo "2419"]
[BlackElo "2448"]
[WhiteTeam "Norway Gnomes"]
[BlackTeam "Cannes Blitzstreams"]
[WhiteFideId "1501720"]
[BlackFideId "12802859"]
[EventDate "2019.01.08"]

1. c4 b6 2. g3 Bb7 3. Nf3 f5 4. Bg2 Nf6 5. O-O g6 6. b3 Bg7 7. Bb2 O-O 8. d3 e6
9. Nbd2 a5 10. a3 Na6 11. d4 Ne4 12. Qc2 g5 13. Ne5 Nxd2 14. Qxd2 Bxg2 15. Kxg2
d6 16. Nc6 Qe8 17. d5 Bxb2 18. Qxb2 e5 19. b4 Nb8 20. Nxb8 Qxb8 21. Rfc1 Qd8 22.
Qd2 Qf6 23. f3 axb4 24. axb4 Rxa1 25. Rxa1 e4 26. Ra3 Re8 27. f4 g4 28. e3 h5
29. Ra7 h4 30. gxh4 Qxh4 31. Rxc7 Qh3+ 32. Kg1 Ra8 33. Qd4 Ra1+ 34. Qxa1 Qxe3+
35. Kh1 Qf3+ 36. Kg1 Qe3+ 37. Kh1 Qf3+ 38. Kg1 Qe3+ 39. Kh1 Qf3+ 1/2-1/2

[Event "PRO League Group Stage"]
[Site "chess.com INT"]
[Date "2019.01.10"]
[Round "1"]
[White "Spoelman, Wouter"]
[Black "Vachier-Lagrave, Maxime"]
[Result "1-0"]
[WhiteTitle "GM"]
[BlackTitle "GM"]
[WhiteElo "2578"]
[BlackElo "2780"]
[WhiteTeam "Amsterdam Mosquitoes"]
[BlackTeam "Marseille Migraines"]
[WhiteFideId "1010891"]
[BlackFideId "623539"]
[EventDate "2019.01.08"]

1. c4 e5 2. Nc3 Nf6 3. Nf3 Nc6 4. e3 Bb4 5. Qc2 Bxc3 6. Qxc3 Qe7 7. b3 O-O 8.
Bb2 Re8 9. a3 d5 10. cxd5 Nxd5 11. Qc2 Bg4 12. Bb5 Bxf3 13. gxf3 Rad8 14. O-O-O
a6 15. Bxc6 bxc6 16. Rhg1 g6 17. Rg4 Rd6 18. h4 Re6 19. Rdg1 Nf6 20. Rg5 h6 21.
R5g2 Kh7 22. f4 e4 23. f5 gxf5 24. Rg7+ Kh8 25. Qd1 Rf8 26. f4 exf3 27. Qxf3
Qc5+ 28. Kb1 Qd5 29. Qg3 1-0

[Event "PRO League Group Stage"]
[Site "chess.com INT"]
[Date "2019.01.10"]
[Round "1"]
[White "Klein, David"]
[Black "Bacrot, Etienne"]
[Result "0-1"]
[WhiteTitle "GM"]
[BlackTitle "GM"]
[WhiteElo "2492"]
[BlackElo "2684"]
[WhiteTeam "Amsterdam Mosquitoes"]
[BlackTeam "Marseille Migraines"]
[WhiteFideId "1003623"]
[BlackFideId "605506"]
[EventDate "2019.01.08"]

1. e4 c5 2. Nf3 Nc6 3. d4 cxd4 4. Nxd4 Nf6 5. Nc3 d6 6. Bg5 e6 7. Qd2 a6 8.
O-O-O Bd7 9. f3 h5 10. Kb1 Be7 11. h4 Qc7 12. f4 b5 13. a3 b4 14. axb4 Nxb4 15.
Nb3 Bc6 16. Bd3 O-O 17. Qe2 Rfc8 18. e5 dxe5 19. fxe5 Ng4 20. Be4 Bxe4 21. Nxe4
Nxc2 22. Nd6 Bxd6 23. exd6 Qd7 24. Rh3 Nb4 25. Na5 Rab8 26. Rb3 Qa4 27. Ra3 Qd7
28. Rb3 Nd5 29. Qxa6 Ra8 30. Qb5 Qxd6 31. Rc1 Rcb8 32. Qc6 Qe5 33. Rxb8+ Rxb8
34. Nc4 Qe4+ 35. Ka1 Qxg2 36. Bd2 Ne5 37. Nxe5 Qxd2 38. Qc2 Qa5+ 39. Kb1 Nb4 40.
Qc8+ Rxc8 41. Rxc8+ Kh7 42. Nxf7 Qf5+ 43. Ka1 Qxf7 44. b3 Qf2 45. Kb1 Qa2+ 46.
Kc1 Qxb3 47. Kd2 Qd3+ 48. Kc1 Qe3+ 49. Kb1 Qe4+ 50. Kc1 Nd5 51. Kd2 Qxh4 52. Ke2
Qh2+ 53. Kf1 h4 54. Ke1 h3 55. Kf1 Qg2+ 56. Ke1 h2 57. Rh8+ 0-1

[Event "PRO League Group Stage"]
[Site "chess.com INT"]
[Date "2019.01.10"]
[Round "1"]
[White "Delorme, Alban"]
[Black "Ducarmon, Quinten"]
[Result "1-0"]
[WhiteTitle "FM"]
[BlackTitle "IM"]
[WhiteElo "2320"]
[BlackElo "2479"]
[WhiteTeam "Marseille Migraines"]
[BlackTeam "Amsterdam Mosquitoes"]
[WhiteFideId "623636"]
[BlackFideId "1025007"]
[EventDate "2019.01.08"]

1. e4 c6 2. d4 d5 3. Nc3 dxe4 4. Nxe4 Bf5 5. Ng3 Bg6 6. f4 e6 7. Nf3 Nf6 8. Bd3
Bxd3 9. Qxd3 Nbd7 10. O-O Bd6 11. f5 Bxg3 12. fxe6 fxe6 13. hxg3 O-O 14. Qb3 Qb6
15. Qxe6+ Kh8 16. Qb3 Nh5 17. Qxb6 axb6 18. Kh2 Ndf6 19. Bg5 Ne4 20. g4 Nxg5 21.
gxh5 Nxf3+ 22. Rxf3 Rxf3 23. gxf3 Kg8 24. Kg3 Ra5 25. Kg4 Kf7 26. a3 Kf6 27. f4
Rd5 28. c3 c5 29. Rd1 c4 30. Re1 Rb5 31. Re2 Kf7 32. Rd2 Ke6 33. Rh2 h6 34. Kf3
Kf5 35. Rg2 Kf6 36. Kg4 Rd5 37. Re2 Rb5 38. Kh4 Rf5 39. Kg4 Rb5 40. a4 Ra5 41.
Re5 Rxa4 42. Rb5 Ra6 43. Rb4 g6 44. Rxc4 Ra1 45. hxg6 Kxg6 46. Rb4 Rg1+ 47. Kf3
Kf5 48. Rb5+ 1-0

[Event "PRO League Group Stage"]
[Site "chess.com INT"]
[Date "2019.01.10"]
[Round "1"]
[White "Bacrot, Alexandre"]
[Black "Vrolijk, Liam"]
[Result "0-1"]
[BlackTitle "IM"]
[WhiteElo "2257"]
[BlackElo "2433"]
[WhiteTeam "Marseille Migraines"]
[BlackTeam "Amsterdam Mosquitoes"]
[WhiteFideId "26076837"]
[BlackFideId "1048333"]
[EventDate "2019.01.08"]

1. e4 e5 2. Nf3 Nc6 3. Bc4 Bc5 4. c3 Nf6 5. d3 O-O 6. O-O d5 7. exd5 Nxd5 8. a4
a6 9. b4 Be7 10. Re1 Bg4 11. Bb2 Nf4 12. Re3 Bd6 13. Nbd2 Kh8 14. Ne4 f5 15. Ng3
e4 16. dxe4 Ne5 17. exf5 Nxc4 0-1

[Event "PRO League Group Stage"]
[Site "chess.com INT"]
[Date "2019.01.10"]
[Round "1"]
[White "Meier, Georg"]
[Black "Huschenbeth, Niclas"]
[Result "1/2-1/2"]
[WhiteTitle "GM"]
[BlackTitle "GM"]
[WhiteElo "2623"]
[BlackElo "2585"]
[WhiteTeam "Baden-Baden Snowballs"]
[BlackTeam "Berlin Bears"]
[WhiteFideId "4675789"]
[BlackFideId "24604747"]
[EventDate "2019.01.08"]

1. Nf3 d5 2. g3 Nf6 3. Bg2 e6 4. O-O Be7 5. d4 O-O 6. c4 dxc4 7. Qc2 c6 8. Qxc4
b5 9. Qb3 Bb7 10. Nc3 Nbd7 11. Be3 a6 12. Nd2 Nd5 13. Nxd5 cxd5 14. Rfc1 b4 15.
Bf4 Qb6 16. Rc7 Rfd8 17. Rac1 g5 18. Be3 Bd6 19. Rxb7 Qxb7 20. Bxg5 Rdc8 21. Rd1
Qc7 22. e4 dxe4 23. Nxe4 Rab8 24. Nxd6 Qxd6 25. Bf4 Qe7 26. Bxb8 Rxb8 27. d5
exd5 28. Qxd5 Ne5 29. Kf1 Qf6 30. Qd6 Qxd6 31. Rxd6 b3 32. axb3 Rxb3 33. Rd2 Nc4
34. Rd8+ Kg7 35. Bd5 Rd3 36. Rd7 Ne5 37. Ke2 Rd4 38. Ke3 Rd1 39. Rd8 Nc6 40. Rd7
Ne5 41. Rd8 Nc6 42. Rd7 Ne5 1/2-1/2

[Event "PRO League Group Stage"]
[Site "chess.com INT"]
[Date "2019.01.10"]
[Round "1"]
[White "Alekseenko, Kirill"]
[Black "Mons, Leon"]
[Result "1-0"]
[WhiteTitle "GM"]
[BlackTitle "GM"]
[WhiteElo "2637"]
[BlackElo "2544"]
[WhiteTeam "Baden-Baden Snowballs"]
[BlackTeam "Berlin Bears"]
[WhiteFideId "4135539"]
[BlackFideId "4614950"]
[EventDate "2019.01.08"]

1. e4 e5 2. Nf3 Nc6 3. Bb5 a6 4. Ba4 Nf6 5. O-O Be7 6. Re1 b5 7. Bb3 d6 8. c3
O-O 9. h3 Nb8 10. d4 Nbd7 11. Nbd2 Bb7 12. a4 c5 13. d5 c4 14. Bc2 Nc5 15. Nf1
Nfd7 16. Be3 Qc7 17. N3d2 Nb6 18. a5 Nbd7 19. Ng3 g6 20. Rf1 Bc8 21. Qe2 Qd8 22.
f4 Bh4 23. Kh2 exf4 24. Bxf4 Ne5 25. Nf3 Bf6 26. Qe3 Qe7 27. Bh6 Bg7 28. Nxe5
Qxe5 29. Bf4 Qe7 30. Rf2 Be5 31. Raf1 f6 32. Ne2 Bd7 33. Nd4 Rae8 34. Nf3 Bxf4+
35. Qxf4 Kg7 36. Re1 Nb7 37. Kg1 Bc8 38. Ra1 Nc5 39. Re1 Rf7 40. h4 Nb7 41. Nd4
Qe5 42. Qe3 Nc5 43. Nc6 Qh5 44. Qg3 Nb7 45. Ref1 Bd7 46. Bd1 Qh6 47. Nd4 Kg8 48.
Bg4 Bxg4 49. Qxg4 Nc5 50. Rf4 Qf8 51. h5 g5 52. Ne6 Qe7 53. Nxg5 Rg7 54. Rxf6 h6
55. R1f5 hxg5 56. h6 Qxe4 57. Qh5 Nd7 58. hxg7 Nxf6 59. Qh8+ Kf7 60. Rxf6+ Ke7
61. Qxe8+ Kxe8 62. g8=Q+ Ke7 63. Rf7# 1-0

[Event "PRO League Group Stage"]
[Site "chess.com INT"]
[Date "2019.01.10"]
[Round "1"]
[White "Berger, Steve"]
[Black "Kollars, Dmitrij"]
[Result "0-1"]
[WhiteTitle "IM"]
[BlackTitle "GM"]
[WhiteElo "2435"]
[BlackElo "2562"]
[WhiteTeam "Berlin Bears"]
[BlackTeam "Baden-Baden Snowballs"]
[WhiteFideId "4644786"]
[BlackFideId "12909572"]
[EventDate "2019.01.08"]

1. e4 e5 2. Nf3 Nc6 3. Bc4 Nf6 4. d3 Bc5 5. O-O d6 6. a4 O-O 7. Nbd2 a5 8. c3
Be6 9. Re1 h6 10. Bxe6 fxe6 11. Nf1 Qe8 12. Ng3 Ng4 13. Re2 Qg6 14. d4 exd4 15.
cxd4 Bb6 16. Be3 Rf7 17. Rc1 Raf8 18. Rec2 e5 19. Nh4 Qf6 20. Qxg4 exd4 21. Bxh6
Qxh6 22. Nhf5 Qh7 23. Rd2 Kh8 24. f4 g6 25. Nh4 Ne7 26. Qg5 d3+ 27. Kh1 Be3 28.
Rxc7 Bxf4 29. Qxa5 Bxd2 0-1

[Event "PRO League Group Stage"]
[Site "chess.com INT"]
[Date "2019.01.10"]
[Round "1"]
[White "Lagunow, Raphael"]
[Black "Agrest, Inna"]
[Result "0-1"]
[WhiteTitle "FM"]
[BlackTitle "WIM"]
[WhiteElo "2413"]
[BlackElo "2275"]
[WhiteTeam "Berlin Bears"]
[BlackTeam "Baden-Baden Snowballs"]
[WhiteFideId "24652644"]
[BlackFideId "1708830"]
[EventDate "2019.01.08"]

1. Nf3 Nf6 2. c4 g6 3. Nc3 Bg7 4. e4 d6 5. d4 O-O 6. h3 Na6 7. Be3 e5 8. d5 c6
9. g4 Nc7 10. Be2 a6 11. a4 a5 12. dxc6 bxc6 13. c5 d5 14. Nxe5 Nxe4 15. Nxc6
Nxc3 16. Nxd8 Nxd1 17. Rxd1 Rxd8 18. O-O Bxb2 19. Rb1 Bg7 20. Rfc1 Ne6 21. Bf3
Ba6 22. Rb6 Nd4 23. Bd1 Bc4 24. Bf4 Rac8 25. Bd6 Bf8 26. g5 Be2 27. Bxf8 Kxf8
28. Kh2 Bxd1 29. Rxd1 Nf3+ 30. Kg3 Nxg5 31. c6 Rd6 32. Rb5 Ne4+ 33. Kf4 Nc3 34.
Rd3 Nxb5 35. axb5 Ke7 36. Ra3 Ra8 37. Ke3 d4+ 38. Kd3 Kd8 39. Kc4 d3 40. Ra1 d2
41. Rd1 Kc7 42. Kc5 Rb8 43. h4 a4 44. f3 a3 45. h5 a2 46. hxg6 fxg6 47. f4 Rd3
48. f5 gxf5 49. b6+ Rxb6 50. Rh1 Rxc6+ 51. Kb4 Rd4+ 52. Kb5 Rc1 53. Rxh7+ Kd6
54. Rh6+ Ke5 55. Rh8 a1=Q 56. Re8+ Kf4 0-1

[Event "PRO League Group Stage"]
[Site "chess.com INT"]
[Date "2019.01.10"]
[Round "1"]
[White "Asis Gargatagli, Hipolito"]
[Black "Borisek, Jure"]
[Result "1-0"]
[WhiteTitle "IM"]
[BlackTitle "GM"]
[WhiteElo "2529"]
[BlackElo "2584"]
[WhiteTeam "Barcelona Raptors"]
[BlackTeam "Ljubljana Turtles"]
[WhiteFideId "2260735"]
[BlackFideId "14603152"]
[EventDate "2019.01.08"]

1. e4 e5 2. Nf3 Nc6 3. Bb5 a6 4. Ba4 Nf6 5. d3 d6 6. c3 g6 7. Bg5 Bg7 8. Nbd2
O-O 9. O-O Re8 10. Re1 h6 11. Bh4 b5 12. Bc2 Bb7 13. Nf1 Nb8 14. Ne3 Nbd7 15. a4
c6 16. b4 Qc7 17. Bb3 Nf8 18. Qd2 Ne6 19. Bxf6 Bxf6 20. Ng4 Qe7 1-0

[Event "PRO League Group Stage"]
[Site "chess.com INT"]
[Date "2019.01.10"]
[Round "1"]
[White "Diaz Camallonga, Carles"]
[Black "Sebenik, Matej"]
[Result "0-1"]
[WhiteTitle "IM"]
[BlackTitle "GM"]
[WhiteElo "2432"]
[BlackElo "2540"]
[WhiteTeam "Barcelona Raptors"]
[BlackTeam "Ljubljana Turtles"]
[WhiteFideId "22235256"]
[BlackFideId "14602296"]
[EventDate "2019.01.08"]

1. e4 c5 2. Nf3 d6 3. Bb5+ Bd7 4. Bxd7+ Qxd7 5. c4 Nf6 6. Nc3 g6 7. d4 cxd4 8.
Nxd4 Bg7 9. f3 O-O 10. Be3 Nc6 11. O-O a6 12. Nde2 Ne5 13. b3 b5 14. cxb5 axb5
15. Qd2 b4 16. Na4 Nc4 17. Qd3 Nxe3 18. Qxe3 Qa7 19. Qxa7 Rxa7 20. Rac1 Nd7 21.
Rc2 Nc5 22. Nxc5 dxc5 23. Rd1 Rfa8 24. Rdd2 Bh6 25. f4 e5 26. g3 Re7 27. Rxc5
exf4 28. gxf4 Rxe4 29. Rc4 Rae8 30. Kf2 Rxc4 31. bxc4 Bf8 32. Kf3 f5 33. Nc1 Re4
34. Rc2 Bc5 35. Nb3 Bd6 36. c5 Rxf4+ 37. Ke3 Bc7 38. Nd4 Rh4 39. Nb5 Be5 40. Kd3
h5 41. c6 Rh3+ 42. Kc4 Rxh2 43. Rc1 Kf7 44. Kd5 Kf6 45. c7 Rd2+ 46. Kc4 Bxc7 47.
Nxc7 Rxa2 48. Nd5+ Kg5 49. Rg1+ Kh6 50. Kxb4 Rf2 51. Kc3 g5 52. Kd3 g4 53. Ke3
Rf3+ 54. Ke2 Kg5 55. Rb1 h4 56. Rb8 h3 57. Rg8+ Kh4 58. Ne3 Kg3 59. Nf1+ Kg2 60.
Ne3+ Rxe3+ 61. Kxe3 h2 62. Rh8 h1=Q 0-1

[Event "PRO League Group Stage"]
[Site "chess.com INT"]
[Date "2019.01.10"]
[Round "1"]
[White "Markoja, Boris"]
[Black "Alvarado Diaz, Alejandro"]
[Result "0-1"]
[WhiteTitle "IM"]
[BlackTitle "IM"]
[WhiteElo "2442"]
[BlackElo "2388"]
[WhiteTeam "Ljubljana Turtles"]
[BlackTeam "Barcelona Raptors"]
[WhiteFideId "14608502"]
[BlackFideId "2276119"]
[EventDate "2019.01.08"]

1. d4 e6 2. c4 Nf6 3. g3 d5 4. Bg2 Bb4+ 5. Bd2 Bd6 6. Nc3 c6 7. Qc2 O-O 8. e4
Be7 9. e5 Ne8 10. cxd5 cxd5 11. Nge2 Nc6 12. O-O Bd7 13. Be3 Rc8 14. f4 Nc7 15.
Qd2 Na5 16. b3 Bb4 17. Qd3 a6 18. a3 Bxc3 19. Qxc3 Bb5 20. Rf2 Na8 21. Qb2 Qb6
22. Rb1 Bd3 23. Rc1 Bxe2 24. Rxe2 Qxb3 25. Qxb3 Rxc1+ 26. Bxc1 Nxb3 27. Bb2 Rc8
28. f5 Nb6 29. Bh3 Rc6 30. Rf2 Na4 31. Bg4 Na5 32. Kg2 b5 33. fxe6 fxe6 34. Bc1
h6 35. Bd2 Nc4 36. Bb4 Ne3+ 37. Kf3 Nxg4 38. Kxg4 Nb6 39. Rf8+ Kh7 40. Re8 Nc4
41. Kf4 a5 42. Bc5 g5+ 43. Kg4 Kg6 44. Rg8+ Kf7 45. Rf8+ Kg7 46. Ra8 Nxe5+ 47.
Kh5 Nf7 48. Rxa5 Kf6 49. Rxb5 e5 50. Rb1 e4 51. Rf1+ Kg7 52. Rf5 e3 53. Rf1 Re6
54. Kg4 h5+ 55. Kxh5 e2 56. Re1 Re4 57. a4 Kf6 58. a5 Kf5 59. a6 Re8 60. g4+ Kf6
61. Be7+ Rxe7 62. h4 Re8 63. hxg5+ Nxg5 0-1

[Event "PRO League Group Stage"]
[Site "chess.com INT"]
[Date "2019.01.10"]
[Round "1"]
[White "Stevanic, David"]
[Black "Herrera Reyes, Jose Antonio"]
[Result "1-0"]
[WhiteTitle "FM"]
[BlackTitle "FM"]
[WhiteElo "2304"]
[BlackElo "2324"]
[WhiteTeam "Ljubljana Turtles"]
[BlackTeam "Barcelona Raptors"]
[WhiteFideId "14613921"]
[BlackFideId "2274914"]
[EventDate "2019.01.08"]

1. e4 c5 2. Nf3 e6 3. d4 cxd4 4. Nxd4 a6 5. c4 Qc7 6. Nc3 Nf6 7. Be3 Be7 8. f3
h5 9. Be2 b6 10. O-O Bb7 11. a3 h4 12. b4 d6 13. Rc1 Nbd7 14. Nb3 h3 15. g3 Ne5
16. Na4 Ned7 17. c5 dxc5 18. bxc5 b5 19. Nb6 Rd8 20. Qc2 Ne5 21. Bf4 Nh5 22.
Bxe5 Qxe5 23. c6 Nxg3 24. cxb7 Qg5 25. Kf2 Nh1+ 26. Rxh1 Qg2+ 27. Ke3 Bg5+ 28.
f4 Bxf4+ 29. Kxf4 Rh4+ 30. Ke3 Qg5+ 31. Kf2 Rf4+ 32. Bf3 Qg2+ 33. Ke1 Qxf3 34.
Qc6+ Kf8 35. Qd6+ Rxd6 36. b8=Q+ Ke7 37. Qb7+ Kf6 38. e5+ Kxe5 39. Qxf3 Rxf3 40.
Nd2 Re3+ 41. Kf2 Rxa3 42. Nbc4+ bxc4 43. Nxc4+ Kf4 44. Nxa3 Rd2+ 45. Ke1 Ra2 46.
Nc2 f6 47. Kd2 e5 48. Ra1 Rxa1 49. Rxa1 g5 50. Ke2 g4 51. Kf2 f5 52. Rxa6 Kg5
53. Re6 e4 54. Ne3 Kf4 55. Rf6 1-0

[Event "PRO League Group Stage"]
[Site "chess.com INT"]
[Date "2019.01.10"]
[Round "1"]
[White "Tari, Aryan"]
[Black "Lagarde, Maxime"]
[Result "0-1"]
[WhiteTitle "GM"]
[BlackTitle "GM"]
[WhiteElo "2625"]
[BlackElo "2604"]
[WhiteTeam "Norway Gnomes"]
[BlackTeam "Cannes Blitzstreams"]
[WhiteFideId "1510045"]
[BlackFideId "662399"]
[EventDate "2019.01.08"]

1. e4 c5 2. Nf3 Nc6 3. d4 cxd4 4. Nxd4 Nf6 5. Nc3 d6 6. Bg5 e6 7. Qd2 a6 8.
O-O-O Bd7 9. f4 h6 10. Bh4 Be7 11. Qe1 Qc7 12. Nf3 g5 13. fxg5 hxg5 14. Bxg5 b5
15. Kb1 Rb8 16. Bd3 b4 17. Ne2 e5 18. Rf1 Be6 19. Nxe5 Qa5 20. Nxc6 Qxa2+ 21.
Kc1 Nxe4 22. Bxe4 Bxg5+ 23. Nf4 Qa1+ 24. Kd2 Qxb2 25. Qg3 Rb5 26. Rb1 Qf6 27.
Kd1 Rh4 28. Bd3 Bxf4 29. Qg8+ Kd7 30. Bxb5 axb5 31. Nb8+ Kc7 32. Na6+ Kb6 33.
Qb8+ Kxa6 34. Qa8+ Kb6 35. Qb8+ Kc6 36. Qa8+ Kd7 37. Qb7+ Kd8 38. Qb6+ Ke7 39.
h3 Qc3 40. Qf2 Bg5 41. Qa7+ Kf8 42. Rf3 Qd2# 0-1

[Event "PRO League Group Stage"]
[Site "chess.com INT"]
[Date "2019.01.10"]
[Round "1"]
[White "Salomon, Johan"]
[Black "Cornette, Matthieu"]
[Result "1-0"]
[WhiteTitle "GM"]
[BlackTitle "GM"]
[WhiteElo "2494"]
[BlackElo "2587"]
[WhiteTeam "Norway Gnomes"]
[BlackTeam "Cannes Blitzstreams"]
[WhiteFideId "1509500"]
[BlackFideId "620084"]
[EventDate "2019.01.08"]

1. Nf3 e6 2. g3 b5 3. Bg2 Bb7 4. O-O Nf6 5. d3 Be7 6. e4 O-O 7. Re1 d6 8. b3 c5
9. Bb2 Nc6 10. e5 Nxe5 11. Nxe5 Bxg2 12. Kxg2 dxe5 13. Bxe5 Nd7 14. Bb2 Bf6 15.
Bxf6 Qxf6 16. Nd2 Nb6 17. Ne4 Qd4 18. Qh5 Rac8 19. c3 Qd7 20. Kg1 Qc6 21. a4
bxa4 22. bxa4 c4 23. a5 Nd7 24. dxc4 Qxc4 25. Rad1 Rc7 26. Rd4 Qc6 27. Red1 h6
28. Nd6 Nf6 29. Qe2 Nd5 30. Nb5 Nxc3 31. Nxc3 Qxc3 32. a6 Qa5 33. Rd6 Rc5 34.
Qe4 Rb8 35. Qd3 Rcc8 36. Rd7 Qb6 37. Qd6 Qa5 38. Rxa7 Rd8 39. Rd7 Rxd7 40. Qxb8+
Kh7 41. Qb1+ 1-0

[Event "PRO League Group Stage"]
[Site "chess.com INT"]
[Date "2019.01.10"]
[Round "1"]
[White "Cornette, Deimante"]
[Black "Holm, Kristian Stuvik"]
[Result "1-0"]
[WhiteTitle "IM"]
[BlackTitle "IM"]
[WhiteElo "2448"]
[BlackElo "2468"]
[WhiteTeam "Cannes Blitzstreams"]
[BlackTeam "Norway Gnomes"]
[WhiteFideId "12802859"]
[BlackFideId "1508083"]
[EventDate "2019.01.08"]

1. e4 c5 2. Nc3 e6 3. Nge2 a6 4. g3 b5 5. Bg2 Bb7 6. d4 cxd4 7. Nxd4 Nf6 8. O-O
b4 9. Na4 Bxe4 10. Bxe4 Nxe4 11. c4 Nc5 12. a3 Nxa4 13. Qxa4 bxa3 14. b4 Be7 15.
Bxa3 O-O 16. Rfd1 Qc7 17. b5 Bxa3 18. Rxa3 d6 19. Nb3 Nd7 20. bxa6 Rfb8 21. Nd4
Nc5 22. Qc6 Qxc6 23. Nxc6 Rb6 24. Rxd6 Rbxa6 25. Rxa6 Nxa6 26. Na7 Nb4 27. c5
Kf8 28. Rd7 Ke8 29. Rb7 Na6 30. c6 Nc5 31. Rc7 Na6 32. Nb5 Rd8 33. Ra7 Nb4 34.
c7 Rd1+ 35. Kg2 Kd7 36. Ra8 Rc1 37. Rd8+ Ke7 38. c8=Q 1-0